|
|
|
|
| LEADER |
00938cam a2200349 i 4500 |
| 001 |
000045412 |
| 003 |
4588 |
| 005 |
20030227112904.0 |
| 008 |
010326|2000 vm 000 eng |
| 020 |
|
|
|a 0471387940
|
| 040 |
|
|
|a IRC
|c IRC
|d IRC
|
| 041 |
0 |
|
|a eng
|
| 082 |
1 |
4 |
|a 372.7
|b HE-J
|
| 100 |
1 |
|
|a Heddens, James W.,
|d 1925-
|
| 245 |
0 |
0 |
|a Today's mathematics :
|n part 1 :
|p concepts and classroom methods /
|c Jame W. Heddens.
|
| 250 |
|
|
|a 10th ed.
|
| 260 |
|
|
|a New York :
|b John Wiley,
|c 2000.
|
| 300 |
|
|
|a xii, 381 p. :
|b ill.
|
| 630 |
0 |
4 |
|a Mathematics.
|
| 630 |
0 |
4 |
|a Study of mathematics.
|
| 630 |
0 |
4 |
|a Teaching of mathematics.
|
| 650 |
0 |
4 |
|a Mathematics
|x Study and Teaching (Elementary)
|
| OWN |
|
|
|a DUT
|
| 999 |
|
|
|a From the UDN01
|
| TYP |
|
|
|a Monograph
|
| TYP |
|
|
|a Printed language
|
| 980 |
|
|
|a Mạng thư viện Đại học Đà Nẵng
|